Регионална библиотека "Любен Каравелов" - Русе

Незнаен юнак (Запис номер 116329)

MARC детайли
000 -Лидер
Контролно поле с фиксирана дължина 01465nam a2200337 a 4500
003 - Код на организацията, давaща контролен номер
Контролно поле BLK
005 - Дата и час на последна редакция
Контролно поле 20241110004101.0
008 - Елементи от данни с фиксирана дължина
fixed length control field 180409b bul|||||r ||||||| ||bul||
010 ## - Наследен системен номер
LC control number KNG00121869000
040 ## - Източник на каталожния запис
Идентификатор на билиотеката - собственик на записа BLK
041 ## - Код за език
Код за езика на текст/звукозапис или на отделно заглавие Български
Код за езика КДБФ Български
080 ## - УДК
Текстов определител УДК Българска литература
УДК код - определител по УДК 821.163.2
УДК определител -93-34
УДК - код + определител 821.163.2-93-34
100 ## - Редна дума - Автор
Автор Ран Босилек
Пълна форма на името Негенцов, Генчо Станчев
Дати, свързани с автора 1886 - 1958
Автор - информация (биография) Писател, поет. Прев. от гръцки, немски и руски език.
R(LIN) 363447
139 ## - Редно поле
Редна дума Ран Босилек
Авторски знак Ран - Р 34
245 10 - Сведения за заглавието
Заглавие Незнаен юнак
Подзаглавни данни Приказка
Редно поле (дума) Ран Босилек; худож. Александър Поплилов; * Генчо Станчев Негенцов.
257 ## - Страна на издаване
Страна на създаване/издаване България
260 ## - Област на издателските данни
Име на издателя, разпространителя и проч. Нар. култура
Година на издаване 1963
Място на издаване, разпространение и проч. София
300 ## - Физическа характеристика
Страници 16 с.
Илюстрации и др. с ил.
Размери/Мащаб 31 см
380 ## - Жанр
Жанр Детска худож. лит.
500 ## - Общи забележки
Забележка Истинското име на авт. е Генчо Станчев Негенцов.
700 ## - Други автори (авторска отговорност)
Лично име Поплилов, Александър
Автороска отговорност (Описва отношението между автора и произведението) худож.
9 (RLIN) 276723
700 ## - Други автори (авторска отговорност)
Лично име Негенцов, Генчо Станчев
9 (RLIN) 247828
852 ## - Местоположение
Форматна сигнатура Ц ІІ 8981
856 4# - Електронен адрес и достъп
Електронен формат pdf - файл
856 4# - Електронен адрес и достъп
Електронен формат pdf - файл
999 ## - СИСТЕМНИ КОНТРОЛНИ НОМЕРА
Koha biblionumber 116329
Koha biblioitemnumber 116329
942 ## - АРТИКУЛИ
Вид на библиотечния материал Книги
Скрит в OPAC Не
Периодичен библиозапис Да
944 ## - СЪЗДАВАНЕ И РЕДАКЦИЯ на ЗАПИСА
Създаване/Редакция Създаване
Дата на регистрацията/редакция 12.03.2011
Статус, дата на статуса CRON CRON
Служител, извършил регистрацията/редакцията
944 ## - СЪЗДАВАНЕ И РЕДАКЦИЯ на ЗАПИСА
Създаване/Редакция Редакция
Дата на регистрацията/редакция 24.09.2015
Статус, дата на статуса добави в АБ / 11.03.2011
944 ## - СЪЗДАВАНЕ И РЕДАКЦИЯ на ЗАПИСА
Създаване/Редакция Редакция
Дата на регистрацията/редакция 2021-01-21
Статус, дата на статуса 2021-01-21
Служител, извършил регистрацията/редакцията ВК
999 ## - СИСТЕМНИ КОНТРОЛНИ НОМЕРА
Koha biblioitemnumber 116329
Наличности
Код за отписване Код за изгубен артикул Източник на класификационната схема Код за повреда Коз за рестрикции Код за отдаване Артикулен № Име на библиотеката - собственик Име на библиотеката, в която се намира в момента Статус (Текущо местоположение) Дата на вписване в системата Местоположение - отдел Цена в лева Инвентарен номер Систематично азбучна сигнатура Баркод Номер на екземпляра Цена в евро Служебна бележка Служебен тип на артикула
  Не е изгубен Universal Decimal Classification Не е повреден само за читалня ползва се в читалня 187333 Регионална библиотека "Любен Каравелов" Русе Регионална библиотека "Любен Каравелов" Русе Хранилище 1963-01-01 Хранилище 0.25 205/63 Ц ІІ 8981 900000037403 1 0.13 Дост: Dp Вид: Д N: стар фонд Дата: 01.01.1963 Книги
Изтеглен Не е изгубен Universal Decimal Classification Не е повреден без рестрикции заемане за дома 187334 Регионална библиотека "Любен Каравелов" Русе Регионална библиотека "Любен Каравелов" Русе Детски отдел 1963-01-01 Детски отдел 0.25 1390/66 ДХ 886.7/Р34 1390/66 2 0.13 Вид: Сф N: стар фонд Дата: 01.01.1963 Дата инв: 25.09.2015 Бележки инв: Д2015 Книги
Vip Innovations Ltd, Rousse, Bulgaria 2025